| 000 | 00466nam a22001577a 4500 | ||
|---|---|---|---|
| 005 | 20170822174805.0 | ||
| 008 | 130419b xxu||||| |||| 00| 0 eng d | ||
| 040 | _aBSU | ||
| 082 |
_222 _a669.2 PRE |
||
| 100 |
_aInternational Precious Metals institute & Manziek,Larry (editor) _98374 |
||
| 245 | _aPrecious metals Recovery & Refining | ||
| 260 |
_aUSA _bInternational Precious Metals Institute _c1989 |
||
| 300 | _axi;153p | ||
| 658 | _aManagement | ||
| 942 |
_2ddc _cBK |
||
| 999 |
_c3988 _d3988 |
||